Get the Picture: Dark Lords of the Sith Quiz Stats

 Plays Quiz Updated May 4, 2019

Score 0/16 Timer 04:00
0 Plays Today
Question Answer Wrong Answers
Heralded as the prophesied one to bring balance to the Force Vader
87.3%
Sidious
4.1%
Tyranus
2.8%
Maul
1.2%
Is the grandfather of Kylo Ren Vader
85.3%
Sidious
4.4%
Tyranus
4.3%
Maul
1.8%
Wields a double-bladed lightsaber Maul
85%
Sidious
3.8%
Tyranus
2.8%
Vader
4.3%
Former Senator and Supreme Chancellor of the Galactic Republic Sidious
84.8%
Tyranus
8.4%
Maul
1.1%
Vader
1.6%
Homeworld is the planet Tatooine Vader
81.6%
Sidious
4.4%
Tyranus
4.5%
Maul
5%
Killed the Jedi Master Qui-Gon Jinn Maul
80.1%
Sidious
4.7%
Tyranus
5.8%
Vader
5.4%
Portrayed by Ray Park Darth Maul
76.6%
Darth Sidious
6.4%
Darth Tyranus
8.9%
Darth Vader
4.1%
Beheaded by the Jedi Knight Anakin Skywalker Tyranus
72%
Sidious
9.3%
Maul
10.4%
Vader
4.2%
Portrayed by Ian McDiarmid Sidious
69.9%
Tyranus
16.3%
Maul
6.9%
Vader
2.4%
Leader of the criminal organization Crimson Dawn Maul
67.9%
Sidious
6.1%
Tyranus
19.9%
Vader
1.8%
Killed Jedi Master Mace Windu and Sith Lord Darth Plagueis Sidious
67%
Tyranus
10.5%
Maul
7.7%
Vader
10.8%
Head of State for the Confederacy of Independent Systems Tyranus
61.7%
Sidious
29.2%
Maul
1.5%
Vader
3%
Homeworld is the planet Naboo Sidious
60.8%
Tyranus
13%
Maul
13.1%
Vader
8.7%
Recruited Jango Fett to assassinate Padmé Amidala on Coruscant Tyranus
60%
Sidious
19.1%
Maul
10.2%
Vader
6.3%
Homeworld is the planet Serenno Tyranus
56.8%
Sidious
7.5%
Maul
29.2%
Vader
1.6%
Killed by the Sith Lord Darth Sidious Vader
49.8%
Sidious
9.2%
Tyranus
24.8%
Maul
11.8%

Today's Daily Dose

Word Ladder
Lean on Me

Get the Picture
Superhero by Villain

You're not logged in!

Compare scores with friends on all Sporcle quizzes.
OR
Log In

Sporcle TV

Today on Sporcle TV


Watch our educational content, quiz creation guides, and fun videos on Sporcle TV.

Show Comments

Extras

Top Quizzes Today


Score Distribution

Your Account Isn't Verified!

In order to create a playlist on Sporcle, you need to verify the email address you used during registration. Go to your Sporcle Settings to finish the process.

Report this User

Report this user for behavior that violates our Community Guidelines.

Details: